Les Classique Disney/Pixar Sortie entre 1981 et 1999 - Statistiques

Statistiques générales
  • Ce quiz a été pris 6 fois
  • Le résultat moyen est 19 sur 26
Statistiques - réponses
Indice Réponse % Correct
Août 1996 Aladdin et le roi des voleurs
100%
Novembre 1992 Aladdin
100%
Novembre 1999 Toy story 2
100%
Mai 1994 Le Retour de Jafar
100%
Juin 1994 Le Roi Lion
100%
Juin 1998 Mulan
100%
Juin 1999 Tarzan
100%
Novembre 1995 Toy Story
100%
Novembre 1990 Bernard et Bianca au Pays des Kangourous
83%
Juin 1996 Le Bossu de Notre-Dame
83%
Juin 1995 Pocahontas, une légende indienne
83%
Novembre 1991 La Belle et la Bête
83%
Novembre 1989 La Petite sirène
83%
Octobre 1998 Le Roi Lion 2, L'honneur de la tribu
83%
Novembre 1998 1001 Pattes, A bug's life
67%
Juillet 1986 Basil détéctive privé
67%
Avril 1995 Dingo et Max
67%
Juin 1997 Hercule
67%
Novembre 1988 Oliver et Compagnie
67%
Juillet 1981 Rox et Rouky
67%
Juillet 1985 Taram et le chaudron magique
67%
Août 1990 La Bande à Picsou, Le trésor de la lampe perdue
50%
Décembre 1999 Fantasia 2000
33%
Novembre 1997 La Belle et la bête 2, Le Noel enchanté
33%
Août 1998 Pocahontas 2, Un Monde Nouveau
33%
Août 1997 Winnie l'ourson 2, Le Grand Voyage
17%
Aucun quiz correspondant
Distribution des résultats
% des personnes avec chaque résultat
Percentile par nombre de réponses
Votre historique - résultats
Vous n’avez pas pris ce quiz